Nr. 1 Hits in Deutschland 1995 - Statistiken

Allgemein
  • Dieses Quiz wurde 53 mal gespielt
  • Das Durchschnittsergebnis liegt bei 9 aus 14
Antwortstatistiken
Wochen auf Platz 1 Lied Interpret % Korrekt
6 Wochen Earth Song Michael Jackson
83%
3 Wochen Scatman’s World Scatman John
83%
8 Wochen Gangsta’s Paradise Coolio feat. L. V.
80%
10 Woche Cotton Eye Joe Rednex
80%
6 Wochen Wish You Were Here Rednex
80%
1 Woche Mief! (Nimm mich jetzt,auch wenn ich stinke!) Die Doofen
74%
4 Wochen Back for Good Take That
74%
1 Woche Zombie The Cranberries
72%
3 Wochen Sie ist weg Die Fantastischen Vier
70%
11 Wochen Conquest of Paradise Vangelis
59%
4 Wochen Be My Lover La Bouche
50%
3 Wochen Tears Don’t Lie Mark ’Oh
37%
2 Wochen I Wanna Be a Hippy Technohead
15%
3 Wochen Boom Boom Boom Outhere Brothers
4%
Keine übereinstimmenden Quizze gefunden
Verteilung der Resultate
Anzahl Personen mit jedem Resultat
Perzentil nach korrekt beantworteten Fragen
Ihre Resultats-Entwicklung
Sie haben dieses Quiz noch nicht gespielt